[Event "IV Open FIDE"]
[Site "Forli' ITA"]
[Date "1991.09.11"]
[Round "5"]
[White "Magalotti, Andrea"]
[Black "Anceschi, Vittorio"]
[Result "0-1"]
[WhiteElo "2205"]
[BlackElo "2290"]
[PlyCount "92"]
[EventDate "1991.09.07"]

1. e4 e6 2. d4 d5 3. Nd2 Nf6 4. e5 Ne4 5. Bd3 Nxd2 6. Bxd2 c5 7. c3 Nc6 8. Nf3
Qb6 9. O-O c4 10. Be2 h6 11. Rb1 Qc7 12. b3 b5 13. a4 a6 14. axb5 axb5 15. b4
Qa7 16. Bc1 Be7 17. Ne1 O-O 18. Nc2 Bd7 19. Na3 Qb6 20. Kh1 f6 21. exf6 Bxf6
22. Nc2 Be8 23. Bg4 e5 24. dxe5 Nxe5 25. Be3 Qb7 26. Be2 Nc6 27. Bc5 Bf7 28.
Bxf8 Rxf8 29. Qd2 Rd8 30. Rbd1 d4 31. cxd4 Nxd4 32. Nxd4 Rxd4 33. Qe3 Re4 34.
Bf3 Rxe3 35. Bxb7 Rb3 36. Bc6 Rxb4 37. Rb1 Bb2 38. Rfd1 Bg6 39. Rd8+ Kh7 40.
Re1 c3 41. Bd5 h5 42. Bg8+ Kh6 43. Rd6 c2 44. Bf7 Bf6 45. Ba2 Rb2 46. Ra6 b4
0-1

[Event "IV Open FIDE"]
[Site "Forli' ITA"]
[Date "1991.09.11"]
[Round "5"]
[White "Malaniuk, Vladimir P."]
[Black "Godena, Michele"]
[Result "1-0"]
[WhiteElo "2510"]
[BlackElo "2415"]
[PlyCount "71"]
[EventDate "1991.09.07"]

1. d4 Nf6 2. Nf3 e6 3. e3 c5 4. Bd3 b6 5. O-O Bb7 6. c4 d6 7. Nc3 Nbd7 8. b3
Be7 9. Bb2 cxd4 10. exd4 d5 11. Qe2 O-O 12. Rfd1 Nh5 13. Qe3 dxc4 14. bxc4 Qc7
15. a4 Qf4 16. Be2 Bb4 17. Rdc1 Rfd8 18. Ba3 Bxa3 19. Rxa3 Rac8 20. g3 Qb8 21.
a5 Nhf6 22. h3 h6 23. Rb1 Bc6 24. Kh2 Qc7 25. Nb5 Bxb5 26. Rxb5 Nb8 27. Rab3
Nfd7 28. axb6 axb6 29. Bd3 Nc6 30. Kg2 Na7 31. R5b4 Nc6 32. Ra4 Nf6 33. Ra1 Qd7
34. Rd1 Nxd4 35. Nxd4 Kf8 36. Nf3 1-0

[Event "IV Open FIDE"]
[Site "Forli' ITA"]
[Date "1991.09.11"]
[Round "5"]
[White "Maljutin, Evgeni"]
[Black "Drei, Andrea"]
[Result "1-0"]
[WhiteElo "2435"]
[BlackElo "2250"]
[PlyCount "123"]
[EventDate "1991.09.07"]

1. e4 c5 2. Nf3 e6 3. c4 Nc6 4. Nc3 Nf6 5. Be2 d5 6. exd5 exd5 7. d4 cxd4 8.
Nxd4 Nxd4 9. Qxd4 dxc4 10. Qxd8+ Kxd8 11. Bxc4 Be6 12. Bxe6 fxe6 13. Ke2 Bb4
14. Bd2 Ke7 15. a3 Bc5 16. Rac1 Rac8 17. Rc2 Bd4 18. Rhc1 Rhd8 19. Nb5 Rxc2 20.
Rxc2 Bb6 21. Bb4+ Kd7 22. Nd6 Rb8 23. Nf7 Nd5 24. Ne5+ Ke8 25. Rc4 Bc7 26. Nd3
a5 27. Bd2 Kf7 28. Nc5 b5 29. Re4 Re8 30. Nd3 a4 31. Nb4 Bd6 32. Nc6 Nf6 33.
Re3 Rc8 34. Nd4 Bc5 35. Rc3 Ne4 36. Rc2 Nd6 37. Nxb5 Nxb5 38. Be3 Bxe3 39. Rxc8
Bd4 40. Rb8 Nd6 41. Rb4 e5 42. f3 Ke6 43. Kd3 Kd5 44. g4 h6 45. h4 g6 46. Rxa4
Bxb2 47. Ra5+ Ke6 48. a4 h5 49. gxh5 gxh5 50. Ra6 Kd5 51. a5 Nf5 52. Rb6 Bd4
53. Rb4 Kc5 54. Rb7 Nxh4 55. a6 Kd5 56. Rb4 Kc6 57. a7 Bxa7 58. Rxh4 Kd5 59.
Rxh5 Bf2 60. Rh2 Bg3 61. Re2 Bf4 62. Ra2 1-0

[Event "IV Open FIDE"]
[Site "Forli' ITA"]
[Date "1991.09.11"]
[Round "5"]
[White "Ortega, Lexy"]
[Black "Winterstein, Wolfgang"]
[Result "0-1"]
[WhiteElo "2410"]
[BlackElo "2300"]
[PlyCount "77"]
[EventDate "1991.09.07"]

1. d4 Nf6 2. Nf3 g6 3. c4 Bg7 4. g3 O-O 5. Bg2 d6 6. O-O Nc6 7. Nc3 a6 8. b3
Rb8 9. a4 e5 10. d5 Nd4 11. Bb2 Nxf3+ 12. exf3 Re8 13. Qd2 Bf5 14. Rfe1 h5 15.
a5 c6 16. Ne4 cxd5 17. cxd5 Nxe4 18. fxe4 Bd7 19. Bf1 Bf6 20. Bc4 Kg7 21. Bc1
Rh8 22. Qb4 Bg4 23. Be3 Qd7 24. Qa4 Qe7 25. Bf1 h4 26. h3 Bd7 27. Qb4 hxg3 28.
fxg3 Bxh3 29. Ra2 Bxf1 30. Rxf1 Rh3 31. Rf3 Bg5 32. Bb6 Rbh8 33. Rg2 Qd7 34.
Kf1 Rc8 35. Rc3 Qg4 36. Rxc8 Qxc8 37. Qc4 Qg4 38. Qe2 Rh1+ 39. Bg1 0-1

[Event "IV Open FIDE"]
[Site "Forli' ITA"]
[Date "1991.09.11"]
[Round "5"]
[White "Payen, Arnaud"]
[Black "Falchetta, Giovanni"]
[Result "1/2-1/2"]
[WhiteElo "2235"]
[BlackElo "2235"]
[PlyCount "45"]
[EventDate "1991.09.07"]

1. e4 c5 2. Nf3 e6 3. d4 cxd4 4. Nxd4 Nf6 5. Nc3 d6 6. Be2 Be7 7. O-O Nc6 8.
Kh1 Bd7 9. Nb3 a6 10. a4 Na5 11. Nxa5 Qxa5 12. Be3 Bc6 13. Bd3 O-O 14. Qe1 Kh8
15. Bd2 Qc7 16. f4 e5 17. fxe5 dxe5 18. Bg5 Ng8 19. Qg3 Bxg5 20. Qxg5 f6 21.
Qe3 Qa5 22. Bc4 Ne7 23. b3 1/2-1/2

[Event "IV Open FIDE"]
[Site "Forli' ITA"]
[Date "1991.09.11"]
[Round "5"]
[White "Shrentzel, Israel"]
[Black "Pedersen, Steffen"]
[Result "1/2-1/2"]
[WhiteElo "2375"]
[BlackElo "2295"]
[PlyCount "27"]
[EventDate "1991.09.07"]

1. Nf3 Nf6 2. b3 e6 3. Bb2 d5 4. g3 Be7 5. Bg2 O-O 6. c4 c5 7. O-O b6 8. e3 Bb7
9. Qe2 Nc6 10. Rd1 dxc4 11. bxc4 Qc7 12. Nc3 Rad8 13. Rac1 Qb8 14. d3 1/2-1/2

[Event "IV Open FIDE"]
[Site "Forli' ITA"]
[Date "1991.09.11"]
[Round "5"]
[White "Votruba, Pavel"]
[Black "Motwani, Paul"]
[Result "0-1"]
[WhiteElo "2355"]
[BlackElo "2440"]
[PlyCount "76"]
[EventDate "1991.09.07"]

1. Nf3 g6 2. e4 Bg7 3. d4 d6 4. Bc4 Nf6 5. Nc3 O-O 6. h3 Nxe4 7. Bxf7+ Rxf7 8.
Nxe4 h6 9. Be3 Qf8 10. Qd2 Nd7 11. c4 Nb6 12. Rc1 Bd7 13. Ng3 Rd8 14. Qc2 g5
15. Nh2 d5 16. c5 Nc4 17. O-O e5 18. Rfd1 Qe7 19. Nhf1 Rdf8 20. b3 Nxe3 21.
fxe3 Bb5 22. a4 Bxf1 23. Nxf1 exd4 24. exd4 Rf4 25. Qg6 Qe4 26. Qxe4 Rxe4 27.
Ng3 Rxd4 28. Re1 Rd3 29. Kh2 Rf2 30. c6 bxc6 31. Rxc6 Rdd2 32. Rg1 Be5 33. Rxh6
Kg7 34. Re6 Bf4 35. h4 gxh4 36. Kh3 Bxg3 37. Ree1 Rd3 38. Kg4 Rf4+ 0-1

[Event "IV Open FIDE"]
[Site "Forli' ITA"]
[Date "1991.09.11"]
[Round "5"]
[White "Yeuillaz, Corrado"]
[Black "Becker, Marc"]
[Result "1/2-1/2"]
[WhiteElo "2205"]
[BlackElo "2310"]
[PlyCount "45"]
[EventDate "1991.09.07"]

1. e4 e5 2. Nf3 Nc6 3. d4 exd4 4. Nxd4 Bc5 5. Be3 Qf6 6. c3 Nge7 7. g3 O-O 8.
Bg2 d6 9. O-O Ne5 10. h3 Nc4 11. Bc1 Nc6 12. Nb3 Bb6 13. Qe2 N4e5 14. Be3 Be6
15. N1d2 Bxe3 16. Qxe3 Nc4 17. Nxc4 Bxc4 18. Rfe1 a5 19. Nd4 Ne5 20. b3 Ba6 21.
c4 Rae8 22. Rad1 Nd7 23. Qd2 1/2-1/2

[Event "IV Open FIDE"]
[Site "Forli' ITA"]
[Date "1991.09.12"]
[Round "6"]
[White "Drei, Andrea"]
[Black "Ortega, Lexy"]
[Result "1/2-1/2"]
[WhiteElo "2250"]
[BlackElo "2410"]
[PlyCount "129"]
[EventDate "1991.09.07"]

1. e4 c5 2. Nf3 d6 3. d4 cxd4 4. Nxd4 Nf6 5. Nc3 a6 6. Be3 e6 7. Be2 Be7 8. O-O
Qc7 9. f4 Nc6 10. Nb3 b5 11. a3 Bb7 12. Bf3 O-O 13. Qd2 Rfe8 14. Rae1 b4 15.
axb4 Nxb4 16. f5 e5 17. g4 d5 18. exd5 e4 19. Nxe4 Nfxd5 20. Bc5 Rad8 21. c4
Nf4 22. Qxb4 Nd3 23. Qxb7 Qxb7 24. Nf6+ gxf6 25. Bxb7 Bxc5+ 26. Nxc5 Rxe1 27.
Rxe1 Nxe1 28. Nxa6 Rd1 29. c5 Nd3+ 30. Kg2 Rd2+ 31. Kg3 Nxb2 32. c6 Nc4 33. c7
Rd3+ 34. Kf4 Nb6 35. c8=Q+ Nxc8 36. Bxc8 Rd6 37. Nc5 Rc6 38. Ne4 Rxc8 39. Nxf6+
Kg7 40. Ne4 Rc4 41. h4 Ra4 42. g5 h5 43. Ke5 Kf8 44. Kf4 Ke7 45. Ke5 Ra5+ 46.
Kf4 Ra3 47. Ng3 Ra4+ 48. Ne4 Rb4 49. Ke5 Rb5+ 50. Kf4 Rb3 51. Ng3 Rb4+ 52. Ne4
Ra4 53. Ke5 Ra3 54. Nf6 Re3+ 55. Kd5 Rd3+ 56. Ke5 Re3+ 57. Kd5 Rh3 58. Nxh5
Rxh4 59. Nf6 Ra4 60. Ke5 Ra5+ 61. Kf4 Ra1 62. Ne4 Rh1 63. Ke5 Re1 64. Kf4 Rg1
65. Ke5 1/2-1/2

[Event "IV Open FIDE"]
[Site "Forli' ITA"]
[Date "1991.09.12"]
[Round "6"]
[White "Falchetta, Giovanni"]
[Black "Magalotti, Andrea"]
[Result "1/2-1/2"]
[WhiteElo "2235"]
[BlackElo "2205"]
[PlyCount "71"]
[EventDate "1991.09.07"]

1. d4 Nf6 2. c4 e6 3. Nc3 Bb4 4. Qc2 d5 5. cxd5 exd5 6. Bg5 h6 7. Bh4 c5 8.
dxc5 g5 9. Bg3 Ne4 10. e3 Qf6 11. Bb5+ Nc6 12. Nge2 a6 13. Bd3 Nxc5 14. a3 Be6
15. O-O Rc8 16. Na4 Nxa4 17. Qxa4 Be7 18. b4 h5 19. f3 Kf8 20. Rac1 Ne5 21.
Rxc8+ Bxc8 22. Qb3 h4 23. Bxe5 Qxe5 24. Qc3 Qxc3 25. Nxc3 Be6 26. Rc1 Kg7 27.
Ne2 Rc8 28. Rxc8 Bxc8 29. Nd4 Kf6 30. Kf2 Bd6 31. g3 Bd7 32. f4 a5 33. bxa5
Bxa3 34. a6 bxa6 35. Bxa6 gxf4 36. gxf4 1/2-1/2

[Event "IV Open FIDE"]
[Site "Forli' ITA"]
[Date "1991.09.12"]
[Round "6"]
[White "Godena, Michele"]
[Black "Votruba, Pavel"]
[Result "1/2-1/2"]
[WhiteElo "2415"]
[BlackElo "2355"]
[PlyCount "96"]
[EventDate "1991.09.07"]

1. e4 e6 2. d4 d5 3. Nd2 Nf6 4. e5 Nfd7 5. Bd3 c5 6. c3 Nc6 7. Ne2 cxd4 8. cxd4
Nb6 9. O-O Bd7 10. Nf3 Be7 11. Nf4 g6 12. g3 Nb4 13. Be2 a5 14. Ng2 h6 15. Ne3
a4 16. Ng4 g5 17. Nf6+ Bxf6 18. exf6 Qxf6 19. Ne5 Nc6 20. f4 g4 21. Bxg4 O-O-O
22. b3 Qg7 23. Ba3 f5 24. Bh5 Nxe5 25. dxe5 Bc6 26. Qd4 Na8 27. Rfc1 Kd7 28.
bxa4 Nc7 29. Rab1 Ra8 30. Rxb7 Bxb7 31. Qb6 Kc8 32. Bd6 Rh7 33. Bxc7 Qxc7 34.
Qxe6+ Kb8 35. Rxc7 Rxc7 36. Qe8+ Ka7 37. Qb5 Rac8 38. Bf3 Rc5 39. Qd7 Rc2 40.
Bxd5 Rb2 41. Bb3 Rc1+ 42. Bd1 Rbb1 43. Qd4+ Ka6 44. Qd3+ Ka7 45. Qd4+ Ka8 46.
Qd8+ Rc8 47. Qd3 Rcc1 48. Qd8+ Ka7 1/2-1/2

[Event "IV Open FIDE"]
[Site "Forli' ITA"]
[Date "1991.09.12"]
[Round "6"]
[White "Hansen, Curt"]
[Black "Antonsen, Mikkel"]
[Result "1/2-1/2"]
[WhiteElo "2600"]
[BlackElo "2325"]
[PlyCount "45"]
[EventDate "1991.09.07"]

1. d4 Nf6 2. c4 g6 3. Nc3 Bg7 4. Nf3 d6 5. Bg5 O-O 6. e3 Bf5 7. Be2 Ne4 8. Nxe4
Bxe4 9. O-O h6 10. Bh4 c5 11. Nd2 Bf5 12. Nf3 g5 13. Bg3 Qb6 14. Qd2 Be4 15.
Rfd1 Nc6 16. d5 Na5 17. b4 Qxb4 18. Qxb4 cxb4 19. Nd4 Rfc8 20. Rac1 Bg6 21. f3
b5 22. cxb5 Bxd4 23. exd4 1/2-1/2

[Event "IV Open FIDE"]
[Site "Forli' ITA"]
[Date "1991.09.12"]
[Round "6"]
[White "Lagrotteria, Salvatore"]
[Black "Mauro, Alan"]
[Result "1/2-1/2"]
[WhiteElo "2240"]
[BlackElo "2240"]
[PlyCount "88"]
[EventDate "1991.09.07"]

1. Nf3 Nf6 2. g3 g6 3. Bg2 Bg7 4. O-O O-O 5. d3 c5 6. Nbd2 Nc6 7. e4 d6 8. a4
Rb8 9. Nc4 a6 10. a5 Nd7 11. Be3 b5 12. axb6 Nxb6 13. Nfd2 Be6 14. Rxa6 Nxc4
15. Nxc4 Bxc4 16. dxc4 Qc8 17. Ra2 Rxb2 18. Rxb2 Bxb2 19. Qd3 Bg7 20. Rb1 Qa6
21. Qb3 Ne5 22. Bf1 Qc8 23. Qb7 Qg4 24. h3 Qe6 25. Qd5 h5 26. f4 Nd7 27. Rb7
Rd8 28. Qxe6 fxe6 29. Kg2 Kf7 30. Kf3 Bd4 31. Bd2 Ke8 32. g4 Ra8 33. Bd3 Ra1
34. e5 Nf8 35. c3 Ra3 36. exd6 exd6 37. Be1 Bxc3 38. Bh4 Bf6 39. Bxf6 Nd7 40.
Rxd7 Kxd7 41. Ke2 Ra2+ 42. Kf3 Ra3 43. Ke2 Ra2+ 44. Kf3 Ra3 1/2-1/2

[Event "IV Open FIDE"]
[Site "Forli' ITA"]
[Date "1991.09.12"]
[Round "6"]
[White "Novikov, Igor A."]
[Black "Farago, Ivan"]
[Result "1/2-1/2"]
[WhiteElo "2550"]
[BlackElo "2515"]
[PlyCount "83"]
[EventDate "1991.09.07"]

1. d4 e6 2. c4 Nf6 3. Nf3 b6 4. g3 Ba6 5. b3 Bb4+ 6. Bd2 Be7 7. Bg2 d5 8. cxd5
exd5 9. O-O O-O 10. Nc3 Bb7 11. Bc1 Nbd7 12. Bb2 Re8 13. Rc1 Bf8 14. Qc2 a6 15.
Rfd1 Bd6 16. Nd2 b5 17. e4 b4 18. Nxd5 Nxd5 19. exd5 Nf6 20. Nc4 Bxd5 21. Bxd5
Nxd5 22. Qf5 c6 23. Re1 Rxe1+ 24. Rxe1 g6 25. Qf3 Qd7 26. h4 h5 27. Re4 Bc7 28.
Ne5 Qf5 29. Qxf5 gxf5 30. Re2 Bxe5 31. dxe5 a5 32. e6 f6 33. Rc2 Ra6 34. a4 Kf8
35. Bd4 Ke7 36. Re2 Kd6 37. e7 Nxe7 38. Bxf6 Nd5 39. Be5+ Kd7 40. Bd4 Ra8 41.
Re5 Rf8 42. Bc5 1/2-1/2

[Event "IV Open FIDE"]
[Site "Forli' ITA"]
[Date "1991.09.12"]
[Round "6"]
[White "Pedersen, Steffen"]
[Black "Maljutin, Evgeni"]
[Result "1-0"]
[WhiteElo "2295"]
[BlackElo "2435"]
[PlyCount "69"]
[EventDate "1991.09.07"]

1. d4 d5 2. c4 e6 3. Nc3 c6 4. Nf3 dxc4 5. e3 b5 6. a4 Bb4 7. Be2 Nf6 8. O-O
O-O 9. Qc2 Bxc3 10. bxc3 Qd5 11. Ne5 Ne4 12. Ba3 Re8 13. Nxf7 Nxc3 14. Qxc3
Kxf7 15. axb5 Qxb5 16. Rfb1 Qg5 17. Bd6 Nd7 18. Bf4 Qf5 19. Qxc4 Nf6 20. Bf3
Bd7 21. Rb7 Kg8 22. Be5 Red8 23. Ra5 Rdb8 24. Qb4 Rxb7 25. Qxb7 Bc8 26. Qb3 Bd7
27. h3 Rf8 28. Rxa7 Rf7 29. Qb8+ Rf8 30. Qd6 Bc8 31. Qe7 Qb1+ 32. Kh2 Qg6 33.
Be4 Qh6 34. Bf4 g5 35. Bxg5 1-0

[Event "IV Open FIDE"]
[Site "Forli' ITA"]
[Date "1991.09.12"]
[Round "6"]
[White "Pieri, Filippo"]
[Black "Wagman, Stuart"]
[Result "1-0"]
[WhiteElo "2240"]
[BlackElo "2225"]
[PlyCount "95"]
[EventDate "1991.09.07"]

1. e4 e5 2. Nf3 Nc6 3. d4 exd4 4. Bc4 Nf6 5. O-O Nxe4 6. Re1 d5 7. Bxd5 Qxd5 8.
Nc3 Qa5 9. Nxe4 Be6 10. Bd2 Bb4 11. Nxd4 Bxd2 12. Nxc6 Qb6 13. Qxd2 Qxc6 14.
Ng5 Rd8 15. Qb4 Rd5 16. Nxe6 fxe6 17. Re2 a5 18. Qf4 Qd6 19. Qe4 c6 20. Rae1
O-O 21. Qg4 Rf6 22. g3 Rdf5 23. Qc4 Qd5 24. Qxd5 exd5 25. f4 Rd6 26. Re7 Rf7
27. Kf2 Rd7 28. Re8+ Rf8 29. R1e7 Rxe7 30. Rxe7 Rf7 31. Re8+ Rf8 32. Re5 Kf7
33. Ke3 Rd8 34. f5 Rd6 35. h4 c5 36. g4 b6 37. g5 Rd7 38. a4 Rd6 39. Kd3 h6 40.
Ke3 hxg5 41. hxg5 d4+ 42. Kd3 Rd8 43. Re6 Rd5 44. Ke4 d3 45. g6+ Kf8 46. cxd3
Rd4+ 47. Ke5 Rxd3 48. Rxb6 1-0

[Event "IV Open FIDE"]
[Site "Forli' ITA"]
[Date "1991.09.12"]
[Round "6"]
[White "Vezzosi, Paolo"]
[Black "Lagumina, Giulio"]
[Result "0-1"]
[WhiteElo "2330"]
[BlackElo "2265"]
[PlyCount "46"]
[EventDate "1991.09.07"]

1. e4 e5 2. Nf3 Nc6 3. Bb5 a6 4. Ba4 Nf6 5. O-O Be7 6. Bxc6 dxc6 7. d3 Nd7 8.
b3 O-O 9. Bb2 f6 10. Nc3 Nc5 11. d4 exd4 12. Nxd4 Re8 13. Re1 Bd6 14. Qh5 Qe7
15. Qh4 Qf7 16. f4 Ne6 17. Nxe6 Bxe6 18. Ne2 Rad8 19. Rad1 Bc8 20. e5 fxe5 21.
Bxe5 Qg6 22. Rd2 Be7 23. Qxe7 Rxd2 0-1

[Event "IV Open FIDE"]
[Site "Forli' ITA"]
[Date "1991.09.12"]
[Round "6"]
[White "Winterstein, Wolfgang"]
[Black "Shrentzel, Israel"]
[Result "1-0"]
[WhiteElo "2300"]
[BlackElo "2375"]
[PlyCount "99"]
[EventDate "1991.09.07"]

1. e4 Nf6 2. e5 Nd5 3. d4 d6 4. c4 Nb6 5. f4 dxe5 6. fxe5 Bf5 7. Nc3 e6 8. Be3
Bb4 9. Nf3 c5 10. Be2 Nc6 11. O-O cxd4 12. Nxd4 Nxd4 13. Bxd4 Bc2 14. Qd2 Rc8
15. Rf4 Bg6 16. b3 O-O 17. Qe3 Be7 18. Ne4 Nd7 19. Raf1 Qa5 20. h4 Nxe5 21. h5
Bxe4 22. Qxe4 Nc6 23. Ba1 Qc5+ 24. R1f2 Bg5 25. Bd3 f5 26. Qxe6+ Kh8 27. h6 Bf6
28. Qxf5 Qxf5 29. Rxf5 Kg8 30. hxg7 Bxg7 31. Rg5 Rc7 32. Bxg7 Rxg7 33. Rxg7+
Kxg7 34. Rxf8 Kxf8 35. Bxh7 b6 36. Kf2 Ke7 37. Kf3 a5 38. a3 Kd6 39. Bd3 Kc5
40. Be2 Ne5+ 41. Ke4 Nf7 42. g4 Ng5+ 43. Kf4 Ne6+ 44. Ke5 Ng5 45. Kf5 Nf7 46.
g5 Kd4 47. g6 Nh6+ 48. Kg5 Ng8 49. g7 Kc3 50. Bh5 1-0

[Event "IV Open FIDE"]
[Site "Forli' ITA"]
[Date "1991.09.12"]
[Round "6"]
[White "Yeuillaz, Corrado"]
[Black "Berg, Klaus"]
[Result "1/2-1/2"]
[WhiteElo "2205"]
[BlackElo "2390"]
[PlyCount "80"]
[EventDate "1991.09.07"]

1. e4 c6 2. d4 d5 3. Nc3 dxe4 4. Nxe4 Bf5 5. Ng3 Bg6 6. Nf3 Nd7 7. Bd3 e6 8.
O-O Ngf6 9. Re1 Bd6 10. c3 Bxd3 11. Qxd3 O-O 12. Bg5 h6 13. Bd2 Qb6 14. Ne5
Rfd8 15. Nc4 Qa6 16. Qe2 Bxg3 17. hxg3 c5 18. dxc5 Nxc5 19. Ne5 Nd3 20. Nxd3
Rxd3 21. Be3 e5 22. Bc5 Nd7 23. Be3 Nb6 24. Bc5 f6 25. Red1 Rad8 26. Rxd3 Qxd3
27. Qg4 Kh7 28. Bxb6 axb6 29. Re1 Qd2 30. Qe4+ Kh8 31. Re2 Qc1+ 32. Kh2 Rd1 33.
g4 Rh1+ 34. Kg3 Qg5 35. Qf5 Qc1 36. Qc8+ Kh7 37. Qf5+ Kg8 38. Qc8+ Kh7 39. Qf5+
Kg8 40. Qc8+ Kh7 1/2-1/2

[Event "IV Open FIDE"]
[Site "Forli' ITA"]
[Date "1991.09.12"]
[Round "6"]
[White "Yilmaz, Turhan"]
[Black "Belotti, Bruno"]
[Result "0-1"]
[WhiteElo "2340"]
[BlackElo "2450"]
[PlyCount "112"]
[EventDate "1991.09.07"]

1. e4 d6 2. d4 Nf6 3. Nc3 g6 4. Be3 c6 5. Qd2 Nbd7 6. f3 b5 7. g4 Nb6 8. b3 a5
9. g5 Nfd7 10. h4 Bg7 11. h5 Rg8 12. Rd1 Qc7 13. Bg2 Bb7 14. f4 b4 15. Nce2 c5
16. c4 a4 17. Rh3 axb3 18. axb3 Ra3 19. Bf2 gxh5 20. dxc5 dxc5 21. Rd3 f5 22.
Bf3 Bxe4 23. Bxh5+ Kd8 24. Rxd7+ Nxd7 25. Bf7 Rxb3 26. Bxg8 Rd3 27. Qxd3 Bxd3
28. Rxd3 Qc6 29. Bd5 Qa6 30. Kf1 e6 31. Bf3 Qxc4 32. Rd1 Ke7 33. Bc6 Nb8 34.
Rc1 Bc3 35. Bg2 Qb5 36. Nf3 Nd7 37. Be3 Bb2 38. Rc2 Bg7 39. Ra2 b3 40. Ra7 b2
41. Nd2 b1=Q+ 42. Nxb1 Qxb1+ 43. Kf2 Qb6 44. Ra4 h6 45. gxh6 Bxh6 46. Bf3 Bg7
47. Ra3 Bd4 48. Bxd4 cxd4 49. Kg3 Qb1 50. Ra4 d3 51. Nd4 Qg1+ 52. Kh3 Kf6 53.
Nb3 Qf2 54. Bh5 d2 55. Rd4 Nc5 56. Rb4 Ne4 0-1

[Event "IV Open FIDE"]
[Site "Forli' ITA"]
[Date "1991.09.12"]
[Round "6"]
[White "Zadrima, Aldo"]
[Black "Payen, Arnaud"]
[Result "1-0"]
[WhiteElo "2235"]
[BlackElo "2235"]
[PlyCount "137"]
[EventDate "1991.09.07"]

1. e4 c5 2. Nf3 d6 3. d4 cxd4 4. Nxd4 Nf6 5. Nc3 g6 6. f3 Bg7 7. Be3 O-O 8. Qd2
Nc6 9. g4 Be6 10. O-O-O Ne5 11. g5 Nh5 12. f4 Nc4 13. Nxe6 Nxd2 14. Nxd8 Nxf1
15. Rhxf1 Bxc3 16. Nxb7 Bxb2+ 17. Kxb2 Rab8 18. Rd3 Rxb7+ 19. Rb3 Rc7 20. Bd2
Rfc8 21. Rc3 Rxc3 22. Bxc3 Rc4 23. e5 d5 24. Bd2 Kf8 25. Rf3 Ke8 26. Ra3 Kd7
27. Rxa7+ Ke6 28. a4 Nxf4 29. a5 Ne2 30. Rb7 Nd4 31. Bb4 Nc6 32. c3 d4 33. Kb3
d3 34. Rb6 Kf5 35. Kxc4 d2 36. Rxc6 d1=Q 37. Kb5 Kxe5 38. Rc5+ Kf4 39. a6 Qh1
40. Kb6 e5 41. a7 Qa8 42. Rc7 Kxg5 43. Rxf7 Qd8+ 44. Rc7 Kg4 45. c4 Qd4+ 46.
Kb7 Qb2 47. a8=Q Qxb4+ 48. Ka7 Qa3+ 49. Kb8 Qf8+ 50. Rc8 Qd6+ 51. Kb7 Qb4+ 52.
Kc6 Qxc4+ 53. Kd6 Qf4 54. Qg2+ Kh4 55. Qg3+ Qxg3 56. hxg3+ Kxg3 57. Kxe5 h5 58.
Rc3+ Kg4 59. Rc4+ Kg3 60. Rc3+ Kg4 61. Kf6 h4 62. Rc4+ Kg3 63. Kg5 h3 64. Rc3+
Kg2 65. Kg4 h2 66. Rc2+ Kg1 67. Kg3 h1=N+ 68. Kf3 g5 69. Rd2 1-0

[Event "IV Open FIDE"]
[Site "Forli' ITA"]
[Date "1991.09.13"]
[Round "7"]
[White "Anceschi, Vittorio"]
[Black "Pieri, Filippo"]
[Result "1/2-1/2"]
[WhiteElo "2290"]
[BlackElo "2240"]
[PlyCount "75"]
[EventDate "1991.09.07"]

1. b3 e5 2. Bb2 Nc6 3. c4 Nf6 4. g3 Bc5 5. Nc3 d5 6. cxd5 Nxd5 7. Bg2 Be6 8.
Nf3 f6 9. O-O Qd7 10. Ne4 Bb6 11. d4 Bh3 12. dxe5 Bxg2 13. Kxg2 fxe5 14. Nc3
O-O-O 15. Qxd5 Qxd5 16. Nxd5 Rxd5 17. Rad1 Rhd8 18. Rxd5 Rxd5 19. e4 Ra5 20. a4
Bd4 21. Nxd4 Nxd4 22. Bxd4 exd4 23. Rc1 Kd7 24. Kf3 Rh5 25. h4 b5 26. Rd1 c5
27. axb5 Kc7 28. Kf4 Rh6 29. e5 Rb6 30. b4 cxb4 31. Rxd4 Rxb5 32. e6 Rb8 33.
Rd7+ Kb6 34. e7 Re8 35. Ke4 a5 36. Kd4 Kc6 37. Ra7 Kb6 38. Rd7 1/2-1/2

[Event "IV Open FIDE"]
[Site "Forli' ITA"]
[Date "1991.09.13"]
[Round "7"]
[White "Antonsen, Mikkel"]
[Black "Yeuillaz, Corrado"]
[Result "1/2-1/2"]
[WhiteElo "2325"]
[BlackElo "2205"]
[PlyCount "47"]
[EventDate "1991.09.07"]

1. d4 d5 2. c4 e6 3. Nc3 Nf6 4. Bg5 Nbd7 5. cxd5 exd5 6. e3 Be7 7. Bd3 O-O 8.
Nf3 b6 9. O-O Bb7 10. Qc2 a6 11. Ne5 h6 12. Nxd7 Qxd7 13. Bf5 Qd8 14. Bf4 Bd6
15. Ne2 Re8 16. Rfc1 Re7 17. Rab1 Nh5 18. Bxd6 Qxd6 19. b4 g6 20. Bd3 Kg7 21.
a4 Rae8 22. a5 f5 23. Ng3 Nxg3 24. hxg3 1/2-1/2

[Event "IV Open FIDE"]
[Site "Forli' ITA"]
[Date "1991.09.13"]
[Round "7"]
[White "Belotti, Bruno"]
[Black "Pedersen, Steffen"]
[Result "0-1"]
[WhiteElo "2450"]
[BlackElo "2295"]
[PlyCount "40"]
[EventDate "1991.09.07"]

1. e4 e5 2. f4 d5 3. exd5 exf4 4. Nf3 Nf6 5. Bb5+ c6 6. dxc6 bxc6 7. Be2 Bd6 8.
d4 O-O 9. c4 Re8 10. Nc3 Bg4 11. O-O Nbd7 12. c5 Bc7 13. b4 Qe7 14. Ba6 Rad8
15. Qe2 Nb8 16. Rd1 Nxa6 17. Qxa6 Bxf3 18. gxf3 Rxd4 19. Bd2 Be5 20. Qa3 Rd3
0-1

[Event "IV Open FIDE"]
[Site "Forli' ITA"]
[Date "1991.09.13"]
[Round "7"]
[White "Drei, Andrea"]
[Black "Lagrotteria, Salvatore"]
[Result "1-0"]
[WhiteElo "2250"]
[BlackElo "2240"]
[PlyCount "63"]
[EventDate "1991.09.07"]

1. e4 e5 2. Nf3 Nf6 3. Nxe5 d6 4. Nf3 Nxe4 5. d4 d5 6. Bd3 Be7 7. O-O Nc6 8. c4
Nb4 9. Be2 dxc4 10. Bxc4 O-O 11. Nc3 Nd6 12. Bb3 Bf6 13. Ne5 c5 14. Bf4 Na6 15.
Re1 c4 16. Nxc4 Nxc4 17. Bxc4 Qxd4 18. Qxd4 Bxd4 19. Bd6 Rd8 20. Be7 Bxc3 21.
bxc3 Rd7 22. Bd6 g6 23. Re8+ Kg7 24. Rd1 Nc5 25. Rd4 b5 26. Bxc5 Rc7 27. Bf8+
Kf6 28. Rd6+ Kg5 29. h4+ Kxh4 30. g3+ Kg5 31. Be2 Rxc3 32. f4+ 1-0

[Event "IV Open FIDE"]
[Site "Forli' ITA"]
[Date "1991.09.13"]
[Round "7"]
[White "Farago, Ivan"]
[Black "Motwani, Paul"]
[Result "1/2-1/2"]
[WhiteElo "2515"]
[BlackElo "2440"]
[PlyCount "77"]
[EventDate "1991.09.07"]

1. d4 e6 2. c4 Bb4+ 3. Nc3 Nf6 4. Qc2 Nc6 5. Nf3 d6 6. a3 Bxc3+ 7. Qxc3 O-O 8.
b4 e5 9. dxe5 Nxe5 10. Nxe5 dxe5 11. Bb2 Re8 12. e3 Bf5 13. f3 Nh5 14. g3 Bg6
15. Be2 a5 16. bxa5 c6 17. Rd1 Qc7 18. O-O Nf6 19. Rd2 Rxa5 20. Rfd1 h6 21. Qb4
c5 22. Qb3 Ra6 23. e4 Rae6 24. Bf1 R6e7 25. Qb5 Ra8 26. Rd6 Re6 27. Rxe6 fxe6
28. Qb3 Be8 29. Qc3 Bc6 30. Bh3 Kf7 31. Rd3 Rd8 32. Qd2 Rxd3 33. Qxd3 Ke7 34.
Kf2 Nd7 35. f4 exf4 36. Bxg7 Nf6 37. Bxf6+ Kxf6 38. Qf3 Qe5 39. Qxf4+ 1/2-1/2

[Event "IV Open FIDE"]
[Site "Forli' ITA"]
[Date "1991.09.13"]
[Round "7"]
[White "Langeweg, Kick"]
[Black "Dutreeuw, Marc"]
[Result "1-0"]
[WhiteElo "2410"]
[BlackElo "2410"]
[PlyCount "80"]
[EventDate "1991.09.07"]

1. d4 d5 2. c4 e6 3. Nf3 Nf6 4. Nc3 Be7 5. Bg5 h6 6. Bh4 O-O 7. e3 b6 8. Bd3
Bb7 9. Bxf6 Bxf6 10. cxd5 exd5 11. O-O c5 12. Rc1 Nd7 13. Bf5 g6 14. Bxd7 cxd4
15. Bc6 Bxc6 16. Nxd4 Bb7 17. Qf3 Be5 18. Rfd1 Rc8 19. Rd2 Qe7 20. Rcd1 Rfd8
21. Nce2 Rc5 22. Nf4 Qf6 23. Nfe2 Rdc8 24. Qxf6 Bxf6 25. f3 a5 26. Nc3 Rc4 27.
Ndb5 Rd8 28. Rd3 Kg7 29. Na3 Rcc8 30. Na4 Ba6 31. Rb3 b5 32. Nxb5 Rb8 33. Nc7
Rxb3 34. axb3 Bb7 35. Nc5 Bc6 36. Rc1 Rd6 37. Nb7 Bd7 38. Ne8+ Kf8 39. Nexd6
Be6 40. Rc7 Be7 1-0

[Event "IV Open FIDE"]
[Site "Forli' ITA"]
[Date "1991.09.13"]
[Round "7"]
[White "Magalotti, Andrea"]
[Black "Mileto, Gabriele"]
[Result "0-1"]
[WhiteElo "2205"]
[BlackElo "2255"]
[PlyCount "46"]
[EventDate "1991.09.07"]

1. e4 e5 2. Nf3 Nc6 3. Bb5 f5 4. Nc3 fxe4 5. Nxe4 Nf6 6. Qe2 d5 7. Nxf6+ gxf6
8. d3 Qd6 9. Bd2 Rg8 10. O-O-O Bd7 11. c3 O-O-O 12. Nh4 Qc5 13. Bxc6 Qxc6 14.
f3 Qa4 15. c4 Qxa2 16. Bc3 Bh6+ 17. Bd2 Qa1+ 18. Kc2 Ba4+ 19. Kc3 d4+ 20. Kb4
Qxb2+ 21. Kxa4 Qa2+ 22. Kb5 c5 23. Kxc5 Bf8+ 0-1